<?xml version="1.0" encoding="UTF-8"?>
<marc:record xmlns:marc="http://www.loc.gov/MARC21/slim">
   <marc:leader>00000nam a2200000 a 4500</marc:leader>
   <marc:datafield ind1="1" ind2=" " tag="100">
      <marc:subfield code="a">Daniels, Lucy</marc:subfield>
      <marc:subfield code="4">aut</marc:subfield>
      <marc:subfield code="e">Verfasser/-in</marc:subfield>
   </marc:datafield>
   <marc:datafield ind1="1" ind2=" " tag="100">
      <marc:subfield code="a">Margineanu, Sandra</marc:subfield>
      <marc:subfield code="4">trl</marc:subfield>
      <marc:subfield code="e">Übersetzer/-in</marc:subfield>
   </marc:datafield>
   <marc:datafield ind1=" " ind2=" " tag="653">
      <marc:subfield code="a">Tiere Buch Bücher Geschichten Kinderbücher</marc:subfield>
   </marc:datafield>
   <marc:datafield ind1=" " ind2=" " tag="653">
      <marc:subfield code="a">Bücher für Erstleser Leseanfänger Erstlesebücher 7</marc:subfield>
   </marc:datafield>
   <marc:datafield ind1=" " ind2=" " tag="653">
      <marc:subfield code="a">ab von bis 7 sieben Jahre Jahren Jährige</marc:subfield>
   </marc:datafield>
   <marc:datafield ind1=" " ind2=" " tag="653">
      <marc:subfield code="a">Bücher wie Fabelhafte Feline Antje Szillat</marc:subfield>
   </marc:datafield>
   <marc:datafield ind1=" " ind2=" " tag="653">
      <marc:subfield code="a">Softcover / Kinder- und Jugendbücher/Kinderbücher</marc:subfield>
   </marc:datafield>
   <marc:datafield ind1=" " ind2=" " tag="653">
      <marc:subfield code="a">Haustiere Säugetiere</marc:subfield>
   </marc:datafield>
   <marc:datafield ind1=" " ind2=" " tag="653">
      <marc:subfield code="a">Tierarzt Tierärztin werden</marc:subfield>
   </marc:datafield>
   <marc:datafield ind1=" " ind2=" " tag="653">
      <marc:subfield code="a">Kinderbücher bis 11 Jahre</marc:subfield>
   </marc:datafield>
   <marc:datafield ind1=" " ind2=" " tag="653">
      <marc:subfield code="a">03: Kinder 7-9</marc:subfield>
   </marc:datafield>
   <marc:datafield ind1=" " ind2=" " tag="653">
      <marc:subfield code="a">Kinderbücher ab 7 sieben Jahren Jährige</marc:subfield>
   </marc:datafield>
   <marc:datafield ind1=" " ind2=" " tag="653">
      <marc:subfield code="a">Bücher wie Auf magischen Pfoten Sue Bentley</marc:subfield>
   </marc:datafield>
   <marc:datafield ind1=" " ind2=" " tag="653">
      <marc:subfield code="a">Geschenke für Mädchen Mädels ab 7</marc:subfield>
   </marc:datafield>
   <marc:datafield ind1=" " ind2=" " tag="653">
      <marc:subfield code="a">Antolin Bücher 2 Klasse</marc:subfield>
   </marc:datafield>
   <marc:datafield ind1="0" ind2="0" tag="245">
      <marc:subfield code="a">Tierklinik Pfötchen 3 - Kleiner Fuchs in Not</marc:subfield>
   </marc:datafield>
   <marc:datafield ind1="0" ind2="0" tag="245">
      <marc:subfield code="b">Kinderbuch ab 7 Jahre</marc:subfield>
   </marc:datafield>
   <marc:datafield ind1="0" ind2="0" tag="245">
      <marc:subfield code="c">Lucy Daniels. Sandra Margineanu</marc:subfield>
   </marc:datafield>
   <marc:datafield ind1=" " ind2="1" tag="264">
      <marc:subfield code="a">Bindlach</marc:subfield>
      <marc:subfield code="b">Loewe</marc:subfield>
      <marc:subfield code="c">2020</marc:subfield>
   </marc:datafield>
   <marc:datafield ind1="1" ind2=" " tag="490">
      <marc:subfield code="a">Tierklinik Pfötchen</marc:subfield>
      <marc:subfield code="v">3</marc:subfield>
   </marc:datafield>
   <marc:datafield ind1=" " ind2=" " tag="250">
      <marc:subfield code="a">1. Auflage</marc:subfield>
   </marc:datafield>
   <marc:datafield ind1="1" ind2=" " tag="520">
      <marc:subfield code="a">Angaben aus der Verlagsmeldung##Tierklinik Pfötchen 3 - Kleiner Fuchs in Not / von Lucy Daniels##+ Bücher, die Kinder gerne lesen wollen + Beliebtes Thema: Tiere + Hochwertiges Hardcover + Mit vielen Illustrationen + Ausgewogenes Text-Bild-Verhältnis + Große Schrift + Kurze Kapitel +##Kleine Tierretterin mit großem Herzen!##Für die tierliebe Amelie geht ein Traum in Erfüllung, als sie die#Tierklinik Pfötchen#entdeckt. Dort hilft sie, süße Tiere zu verarzten und gesund zu pflegen.##Amelie entdeckt unter einem Auto einen verwundeten Fuchs. Hatte das Tier einen Unfall? Während der Kleine in der Tierklinik Pfötchen versorgt wird, begeben sich Amelie und Sam auf Spurensuche  und finden den Fuchsbau. Dieser liegt gefährlich nahe an einer Straße. Nun müssen die Freunde schnell und überlegt handeln, damit so etwas nicht wieder passiert ##Welches Mädchen träumt nicht davon, Tierärztin zu werden?#Tierklinik Pfötchen#ist die neue Kinderbuch-Reihe für Mädchen ab 7 Jahren. Süße Geschichten für Leseanfänger und zum Vorlesen. Ob Katze, Hund, Kaninchen oder Wildtiere: Die Lieblingsthemen Tierärztin und Tiere lassen die Mädchenherzen höherschlagen. Mit serifenloser Schrift, modernen Schwarz-Weiß-Illustrationen und vielen Tiertipps. Realistisch und alltagsnah umgesetzt  hier wird jedes Mädchen zu einer kleinen Tierretterin! ##Der Titel ist bei Antolin gelistet.</marc:subfield>
   </marc:datafield>
   <marc:datafield ind1=" " ind2=" " tag="020">
      <marc:subfield code="a">9783743205451</marc:subfield>
      <marc:subfield code="9">9783743205451</marc:subfield>
   </marc:datafield>
   <marc:datafield ind1=" " ind2=" " tag="041">
      <marc:subfield code="a">ger</marc:subfield>
   </marc:datafield>
   <marc:datafield ind1=" " ind2=" " tag="300">
      <marc:subfield code="a">128 Seiten</marc:subfield>
   </marc:datafield>
</marc:record>
